[Event "DVM U20w 2018"]
[Site "Osnabrück GER"]
[Date "2018.12.28"]
[Round "3"]
[White "Von Jan, Lena"]
[Black "Browning, Rebecca"]
[Result "0-1"]
[Termination "normal"]
[Board "3.3"]
[WhiteElo "1520"]
[BlackElo "1833"]
[WhiteClock "00:30:24"]
[BlackClock "01:03:30"]
[WhiteTeam "Muldental Wilkau-Haßlau"]
[BlackTeam "SG Solingen"]
[PlyCount "84"]
[WhiteFideId "12946060"]
[BlackFideId "12984027"]
[EventCountry "GER"]
[EventRounds "7"]
[EventType "team-swiss"]
[EventDate "2018.12.26"]

1. e4 {[%clk 1:30:57]} e6 {[%clk 1:30:55]} 2. d4 {[%clk 1:31:19]} d5 {[%clk
1:31:23]} 3. exd5 {[%clk 1:31:35]} exd5 {[%clk 1:31:50]} 4. Bd3 {[%clk
1:30:46]} c5 {[%clk 1:32:14]} 5. c3 {[%clk 1:24:44]} Nf6 {[%clk 1:29:14]} 6.
Bf4 {[%clk 1:20:32]} Nc6 {[%clk 1:28:26]} 7. Bb5 {[%clk 1:13:09]} Bd6 {[%clk
1:23:30]} 8. Bxd6 {[%clk 1:05:41]} Qxd6 {[%clk 1:23:52]} 9. Nf3 {[%clk
1:00:04]} O-O {[%clk 1:23:04]} 10. O-O {[%clk 0:53:51]} Bg4 {[%clk 1:20:34]}
11. dxc5 {[%clk 0:50:09]} Qxc5 {[%clk 1:19:08]} 12. Be2 {[%clk 0:46:05]} Rfe8
{[%clk 1:17:08]} 13. Nbd2 {[%clk 0:37:53]} Re7 {[%clk 1:12:22]} 14. Nb3 {[%clk
0:36:14]} Qb6 {[%clk 1:09:56]} 15. h3 {[%clk 0:28:12]} Bh5 {[%clk 1:05:37]} 16.
Qd2 {[%clk 0:25:03]} Rae8 {[%clk 1:03:07]} 17. Bd1 {[%clk 0:24:08]} Ne4 {[%clk
0:58:01]} 18. Qxd5 {[%clk 0:16:15]} Ng3 {[%clk 0:58:19]} 19. Qg5 {[%clk
0:11:44]} Nxf1 {[%clk 0:58:17]} 20. Kxf1 {[%clk 0:11:34]} Bg6 {[%clk 0:57:51]}
21. Kg1 {[%clk 0:09:24]} h6 {[%clk 0:54:20]} 22. Qd2 {[%clk 0:08:51]} Qc7
{[%clk 0:50:59]} 23. Nbd4 {[%clk 0:05:16]} Nxd4 {[%clk 0:49:08]} 24. cxd4
{[%clk 0:04:42]} Rd8 {[%clk 0:39:49]} 25. Rc1 {[%clk 0:04:11]} Qd6 {[%clk
0:39:58]} 26. Bb3 {[%clk 0:03:39]} Be4 {[%clk 0:39:00]} 27. Qd1 {[%clk
0:02:54]} Bxf3 {[%clk 0:37:46]} 28. Qxf3 {[%clk 0:03:01]} Qxd4 {[%clk 0:37:14]}
29. Rd1 {[%clk 0:02:58]} Qb6 {[%clk 0:37:37]} 30. Rc1 {[%clk 0:02:26]} Rde8
{[%clk 0:37:37]} 31. Rc2 {[%clk 0:01:41]} Qd6 {[%clk 0:37:01]} 32. g3 {[%clk
0:01:53]} Qe5 {[%clk 0:36:29]} 33. Kh2 {[%clk 0:01:30]} Rc7 {[%clk 0:33:48]}
34. Rd2 {[%clk 0:00:41]} Qe4 {[%clk 0:31:44]} 35. Qxe4 {[%clk 0:00:35]} Rxe4
{[%clk 0:32:08]} 36. Rd8+ {[%clk 0:00:34]} Kh7 {[%clk 0:32:32]} 37. Rd2 {[%clk
0:00:48]} g6 {[%clk 0:32:41]} 38. Kg2 {[%clk 0:00:52]} Kg7 {[%clk 0:32:51]} 39.
Kf3 {[%clk 0:01:01]} Ree7 {[%clk 0:33:04]} 40. Rd1 {[%clk 0:00:47]} Rcd7 {[%clk
0:32:48]} 41. Rc1 {[%clk 0:30:12]} Rd3+ {[%clk 1:03:04]} 42. Kg2 {[%clk
0:30:24]} Rd2 {[%clk 1:03:30]} 0-1

[Event "DVM U20w 2018"]
[Site "Osnabrück GER"]
[Date "2018.12.28"]
[Round "3"]
[White "Rudolph, Eva"]
[Black "Klenk, Sofie"]
[Result "1-0"]
[Termination "normal"]
[Board "4.1"]
[WhiteElo "1796"]
[BlackElo "1810"]
[WhiteClock "00:02:25"]
[BlackClock "00:29:24"]
[WhiteTeam "Düsseldorfer SK"]
[BlackTeam "SC Bavaria Regensburg"]
[PlyCount "65"]
[WhiteFideId "16200594"]
[BlackFideId "12996653"]
[EventCountry "GER"]
[EventRounds "7"]
[EventType "team-swiss"]
[EventDate "2018.12.26"]

1. e4 c5 2. Nf3 a6 3. c4 Nc6 4. d4 cxd4 5. Nxd4 Qc7 6. Nc3 e6 7. Be2 Nf6 8.
Nxc6 dxc6 9. O-O Be7 10. f4 Bc5+ 11. Kh1 e5 12. fxe5 Qxe5 13. Bf4 Qd4 14. Qe1
Ng4 15. Bxg4 Bxg4 16. h3 Be6 17. Qg3 Bf8 18. b3 Rg8 19. Rad1 Qa7 20. Rd3 b6 21.
Rfd1 Be7 22. Bc7 Rc8 23. Bd6 Bxd6 24. Rxd6 Qe7 25. e5 f6 26. exf6 gxf6 27. Qe3
Bf5 28. Qf2 Be4 29. Nxe4 Qxe4 30. Re1 Qxe1+ 31. Qxe1+ Kf8 32. Qe6 Rg6 33. Qxc8+
1-0

[Event "DVM U20w 2018"]
[Site "Osnabrück GER"]
[Date "2018.12.28"]
[Round "3"]
[White "Pavlov, Liliane"]
[Black "Sokolowski, Judith"]
[Result "1-0"]
[Termination "normal"]
[Board "4.2"]
[WhiteElo "1715"]
[BlackElo "1589"]
[WhiteClock "00:09:40"]
[BlackClock "00:18:31"]
[WhiteTeam "SC Bavaria Regensburg"]
[BlackTeam "Düsseldorfer SK"]
[PlyCount "69"]
[WhiteFideId "16225449"]
[BlackFideId "16200624"]
[EventCountry "GER"]
[EventRounds "7"]
[EventType "team-swiss"]
[EventDate "2018.12.26"]

1. d4 d5 2. Nc3 Nf6 3. Bg5 Nbd7 4. e3 g6 5. f4 Bg7 6. Nf3 O-O 7. Be2 c5 8. O-O
b6 9. Ne5 Bb7 10. Qe1 Rc8 11. Qh4 a6 12. a4 Re8 13. Rf3 Nf8 14. f5 Rc7 15. fxg6
Nxg6 16. Nxg6 fxg6 17. g4 cxd4 18. exd4 Ne4 19. Nxe4 dxe4 20. Rh3 h6 21. Bxh6
Bxh6 22. Qxh6 Qxd4+ 23. Kh1 e3+ 24. Kg1 Qg7 25. Qxe3 Rxc2 26. Qb3+ Qf7 27. Rh8+
Kxh8 28. Qxf7 Rec8 29. Bd3 Rg2+ 30. Kf1 Rxh2 31. Qxg6 Rf8+ 32. Ke1 Rf6 33. Qe8+
Kg7 34. Qxe7+ Rf7 35. Qe5+ 1/2-1/2

[Event "DVM U20w 2018"]
[Site "Osnabrück GER"]
[Date "2018.12.28"]
[Round "3"]
[White "Garbuz, Nicole"]
[Black "Oberhofer, Marie"]
[Result "0-1"]
[Termination "normal"]
[Board "4.3"]
[WhiteElo "1666"]
[BlackElo "1731"]
[WhiteClock "00:01:53"]
[BlackClock "00:37:01"]
[WhiteTeam "Düsseldorfer SK"]
[BlackTeam "SC Bavaria Regensburg"]
[PlyCount "56"]
[WhiteFideId "12990701"]
[BlackFideId "12938165"]
[EventCountry "GER"]
[EventRounds "7"]
[EventType "team-swiss"]
[EventDate "2018.12.26"]

1. e4 c5 2. d4 cxd4 3. c3 dxc3 4. Nxc3 e6 5. Nf3 a6 6. Bc4 Qc7 7. Qe2 Bb4 8.
Bd2 Ne7 9. O-O O-O 10. Rac1 Nbc6 11. Nd5 exd5 12. exd5 Bxd2 13. Nxd2 Ne5 14.
Bb3 Qb8 15. f4 N5g6 16. f5 Ne5 17. f6 N7g6 18. Ne4 d6 19. h4 Bd7 20. Qh5 Bb5
21. fxg7 Kxg7 22. Rf5 Qa7+ 23. Kh2 Qe3 24. Nf6 Qh6 25. Qd1 Rac8 26. Rxc8 Rxc8
27. Bc2 Rc4 28. Ne8+ Bxe8 0-1

[Event "DVM U20w 2018"]
[Site "Osnabrück GER"]
[Date "2018.12.28"]
[Round "3"]
[White "Wetzler, Sophia"]
[Black "Paulweber, Lara Maria"]
[Result "1/2-1/2"]
[Termination "normal"]
[Board "4.4"]
[WhiteElo "1719"]
[BlackElo "1483"]
[WhiteClock "00:09:56"]
[BlackClock "00:25:50"]
[WhiteTeam "SC Bavaria Regensburg"]
[BlackTeam "Düsseldorfer SK"]
[PlyCount "87"]
[WhiteFideId "12951960"]
[BlackFideId "12954411"]
[EventCountry "GER"]
[EventRounds "7"]
[EventType "team-swiss"]
[EventDate "2018.12.26"]

1. e4 e6 2. d4 d5 3. e5 c5 4. c3 Bd7 5. Nf3 a6 6. Be3 Qb6 7. Qc2 Bb5 8. Nbd2
Bxf1 9. Kxf1 Nc6 10. g3 cxd4 11. cxd4 Nge7 12. Kg2 Rc8 13. Qa4 Nf5 14. a3 Be7
15. b4 O-O 16. h4 f6 17. Rae1 Qb5 18. Qd1 Qd3 19. exf6 Bxf6 20. Nb3 Nxe3+ 21.
Rxe3 Qxd1 22. Rxd1 Rfe8 23. Nc5 Nd8 24. Rde1 Rc6 25. Ne5 Bxe5 26. Rxe5 Kf7 27.
R5e3 Ke7 28. f4 g6 29. h5 Kf6 30. Rh1 Re7 31. hxg6 hxg6 32. Rh8 Nf7 33. Rb8 Nd6
34. g4 Rc8 35. Rxc8 Nxc8 36. g5+ Kf7 37. Nd3 Nd6 38. Ne5+ Kg7 39. Rh3 Nf5 40.
Rd3 Rc7 41. Kf2 Nd6 42. Ke3 Nc4+ 43. Nxc4 Rxc4 44. Rb3 1/2-1/2

[Event "DVM U20w 2018"]
[Site "Osnabrück GER"]
[Date "2018.12.28"]
[Round "3"]
[White "Schiewe, Nadin"]
[Black "Kohl, Natalie"]
[Result "1/2-1/2"]
[Termination "normal"]
[Board "5.1"]
[WhiteElo "1527"]
[BlackElo "1474"]
[WhiteTeam "Leegebrucher SF"]
[BlackTeam "Meuselwitzer SV"]
[PlyCount "118"]
[WhiteFideId "16209079"]
[BlackFideId "12967408"]
[EventCountry "GER"]
[EventRounds "7"]
[EventType "team-swiss"]
[EventDate "2018.12.26"]

1. d4 Nf6 2. Nf3 e6 3. e3 b6 4. Bd3 Bb7 5. Nbd2 c5 6. c3 Be7 7. e4 d6 8. O-O a6
9. Re1 O-O 10. Qc2 h6 11. e5 Nd5 12. Be4 cxd4 13. exd6 Bxd6 14. Nxd4 Nc6 15.
N2f3 Rc8 16. Nxc6 Bxc6 17. Nd4 Bb7 18. Qe2 Re8 19. c4 f5 20. Bf3 Qh4 21. g3
Qxd4 22. cxd5 Bxd5 23. Bxd5 Qxd5 24. Qxa6 Rc2 25. b3 Bc5 26. Be3 Qf3 27. Bxc5
bxc5 28. Rf1 f4 29. Rac1 fxg3 30. hxg3 Rd2 31. Rxc5 Rf8 32. Qxe6+ Kh7 33. Qe3
Rxa2 34. Qxf3 Rxf3 35. b4 Rb2 36. b5 Rfb3 37. Kg2 Kg6 38. Rd1 Rxb5 39. Rd6+ Kh7
40. Rxb5 Rxb5 41. g4 Rg5 42. f3 h5 43. Kg3 hxg4 44. fxg4 Rc5 45. Re6 g5 46. Rf6
Rc3+ 47. Rf3 Rxf3+ 48. Kxf3 Kg7 49. Ke4 Kf6 50. Kd5 Kf7 51. Ke5 Kg6 52. Ke6 Kh7
53. Kf5 Kh6 54. Kf6 Kh7 55. Kxg5 Kg7 56. Kf5 Kf7 57. g5 Kg7 58. g6 Kg8 59. Kg4
Kg7 1/2-1/2

[Event "DVM U20w 2018"]
[Site "Osnabrück GER"]
[Date "2018.12.28"]
[Round "3"]
[White "Meyer, Jessica"]
[Black "Jacoby, Angelina"]
[Result "1/2-1/2"]
[Termination "normal"]
[Board "5.2"]
[WhiteElo "1383"]
[BlackElo "1259"]
[WhiteTeam "Meuselwitzer SV"]
[BlackTeam "Leegebrucher SF"]
[PlyCount "69"]
[WhiteFideId "16230019"]
[BlackFideId "12999008"]
[EventCountry "GER"]
[EventRounds "7"]
[EventType "team-swiss"]
[EventDate "2018.12.26"]

1. e4 d5 2. exd5 Qxd5 3. Nc3 Qa5 4. d4 c6 5. Bc4 Nf6 6. Bd2 Qc7 7. Nge2 Bf5 8.
f3 h5 9. Bf4 Qd8 10. h4 e6 11. Qd2 Bd6 12. O-O-O Qc7 13. Rhe1 Nbd7 14. Bxd6
Qxd6 15. Qf4 Qxf4+ 16. Nxf4 O-O-O 17. Ne4 Nb6 18. Bb3 Nbd5 19. Nd3 Rhf8 20. Ng5
Nh7 21. Ne4 f6 22. Ng3 Bxd3 23. Rxd3 g6 24. Bxd5 exd5 25. Re7 Rd7 26. Rde3 Rf7
27. R7e6 Nf8 28. Re8+ Rd8 29. Rxd8+ Kxd8 30. Ne2 Re7 31. Rxe7 Kxe7 32. Nf4 Kf7
33. Kd2 Ne6 34. Ke3 Ng7 35. g4 1/2-1/2

[Event "DVM U20w 2018"]
[Site "Osnabrück GER"]
[Date "2018.12.28"]
[Round "3"]
[White "Mylke, Sandy-Michelle"]
[Black "Biele, Johanna"]
[Result "0-1"]
[Termination "normal"]
[Board "5.3"]
[WhiteElo "1188"]
[BlackElo "1390"]
[WhiteTeam "Leegebrucher SF"]
[BlackTeam "Meuselwitzer SV"]
[PlyCount "84"]
[WhiteFideId "16235045"]
[BlackFideId "16242211"]
[EventCountry "GER"]
[EventRounds "7"]
[EventType "team-swiss"]
[EventDate "2018.12.26"]

1. d4 Nf6 2. e3 e6 3. Bd3 b6 4. Nf3 Bb7 5. Nbd2 c5 6. c3 a6 7. e4 d6 8. O-O Be7
9. Re1 O-O 10. b3 Nc6 11. Bb2 Rc8 12. e5 dxe5 13. dxe5 Qxd3 14. exf6 Bxf6 15.
Re3 Qg6 16. Qe2 Rfd8 17. Nc4 b5 18. Nb6 Rb8 19. a4 b4 20. Nc4 bxc3 21. Bxc3
Bxc3 22. Rxc3 Nd4 23. Qf1 Nxf3+ 24. Kh1 Nd4 25. Rg3 Qf6 26. Rc1 Bd5 27. Rb1 h6
28. Na5 Nf5 29. Rh3 Nh4 30. Rg3 Qf5 31. Rb2 c4 32. Nxc4 Bxc4 33. Qa1 Bd5 34. f3
Rb4 35. Rc2 f6 36. Rd2 Rxb3 37. Qd4 Rb1+ 38. Rd1 Rxd1+ 39. Qxd1 Rb8 40. Rg4 Rb1
41. Rd4 Rxd1+ 42. Rxd1 Nxf3 0-1

[Event "DVM U20w 2018"]
[Site "Osnabrück GER"]
[Date "2018.12.28"]
[Round "3"]
[White "Neumann, Tina"]
[Black "Pietsch, Virginia-Atlanta"]
[Result "1-0"]
[Termination "normal"]
[Board "5.4"]
[WhiteElo "1501"]
[BlackElo "1240"]
[WhiteTeam "Meuselwitzer SV"]
[BlackTeam "Leegebrucher SF"]
[PlyCount "85"]
[WhiteFideId "16212371"]
[BlackFideId "16235053"]
[EventCountry "GER"]
[EventRounds "7"]
[EventType "team-swiss"]
[EventDate "2018.12.26"]

1. e4 c5 2. c3 e6 3. d4 cxd4 4. cxd4 Be7 5. Nf3 b6 6. Nc3 Bb7 7. Bd3 Nf6 8. O-O
O-O 9. Re1 d5 10. e5 Nfd7 11. h3 Re8 12. Nh2 Nf8 13. Qg4 g6 14. f4 Nc6 15. Be3
Nb4 16. Bb1 Ba6 17. Qd1 Nc6 18. a3 Bh4 19. Bf2 Bxf2+ 20. Kxf2 Qh4+ 21. g3 Qh6
22. Ng4 Qg7 23. Nf6+ Kh8 24. Nxe8 Rxe8 25. b4 Bc4 26. Ba2 Bxa2 27. Rxa2 Ne7 28.
g4 Qh6 29. Kg3 Qg7 30. Qa4 Ra8 31. Nb5 a6 32. Nd6 Qg8 33. Rc1 h6 34. Rc7 Nh7
35. Rxe7 g5 36. Nxf7+ Kg7 37. Nd6+ Kh8 38. Re8 Rxe8 39. Qxe8 Qxe8 40. Nxe8 Kg8
41. Nf6+ Kg7 42. Nxh7 Kxh7 43. f5 1-0

[Event "DVM U20w 2018"]
[Site "Osnabrück GER"]
[Date "2018.12.28"]
[Round "3"]
[White "La, Quynh Trang"]
[Black "Schumann, Rabea"]
[Result "0-1"]
[Termination "normal"]
[Board "6.1"]
[WhiteElo "1583"]
[BlackElo "1922"]
[WhiteTeam "SG Trier"]
[BlackTeam "SG Güstrow/Teterow"]
[PlyCount "82"]
[WhiteFideId "16275276"]
[BlackFideId "12918199"]
[EventCountry "GER"]
[EventRounds "7"]
[EventType "team-swiss"]
[EventDate "2018.12.26"]

1. d4 Nf6 2. c4 g6 3. Nc3 d5 4. cxd5 Nxd5 5. e4 Nxc3 6. bxc3 Bg7 7. Nf3 c5 8.
Rb1 O-O 9. Be2 Nc6 10. d5 Bxc3+ 11. Bd2 Bxd2+ 12. Qxd2 Nd4 13. h4 Nxe2 14. Kxe2
b6 15. h5 Bg4 16. hxg6 fxg6 17. Qh6 Rf7 18. Ke3 Bxf3 19. gxf3 Qf8 20. f4 Qxh6
21. Rxh6 Raf8 22. Rh4 Rc8 23. e5 c4 24. f3 Rc5 25. Kd4 c3 26. Rc1 c2 27. Ke3
Rf8 28. Rh2 Rc3+ 29. Ke4 Rc4+ 30. Kd3 Rcxf4 31. Rhxc2 Rxf3+ 32. Kc4 a6 33. d6
exd6 34. exd6 Rd8 35. Kd5 Rd3+ 36. Ke5 R8xd6 37. Rc8+ Kg7 38. R8c7+ Rd7 39.
R7c6 Rd2 40. Rxb6 Rxa2 41. Rf1 Re2+ 0-1

[Event "DVM U20w 2018"]
[Site "Osnabrück GER"]
[Date "2018.12.28"]
[Round "3"]
[White "Jörs, Pia-Milena"]
[Black "Arndt, Lena"]
[Result "1-0"]
[Termination "normal"]
[Board "6.2"]
[WhiteElo "1586"]
[BlackElo "1767"]
[WhiteTeam "SG Güstrow/Teterow"]
[BlackTeam "SG Trier"]
[PlyCount "63"]
[WhiteFideId "12964646"]
[BlackFideId "16262476"]
[EventCountry "GER"]
[EventRounds "7"]
[EventType "team-swiss"]
[EventDate "2018.12.26"]

1. d4 d5 2. Nf3 Nf6 3. Bf4 c6 4. e3 e6 5. c4 Nbd7 6. Nc3 Be7 7. Be2 dxc4 8.
Bxc4 b5 9. Bd3 a6 10. O-O O-O 11. Ne4 Nd5 12. Bd6 N7b6 13. Bxe7 Nxe7 14. Rc1
Bb7 15. Nc5 Bc8 16. Ng5 Ng6 17. f4 Nd5 18. Qe2 Nf6 19. Nge4 Nd5 20. Nd2 Nf6 21.
Nf3 Qe7 22. Ne5 Nxe5 23. fxe5 Nd5 24. Ne4 Bd7 25. Rf3 f5 26. Nd6 g6 27. Rcf1
Qg5 28. Rg3 Qh6 29. Rgf3 Qg5 30. Kh1 h5 31. Rg3 Qh6 32. e4 1-0

[Event "DVM U20w 2018"]
[Site "Osnabrück GER"]
[Date "2018.12.28"]
[Round "3"]
[White "Elenz, Elisa"]
[Black "Zoll, Cindy"]
[Result "1/2-1/2"]
[Termination "normal"]
[Board "6.3"]
[WhiteElo "1490"]
[BlackElo "1342"]
[WhiteTeam "SG Trier"]
[BlackTeam "SG Güstrow/Teterow"]
[PlyCount "85"]
[WhiteFideId "16262492"]
[BlackFideId "12964638"]
[EventCountry "GER"]
[EventRounds "7"]
[EventType "team-swiss"]
[EventDate "2018.12.26"]

1. e4 e6 2. d4 d5 3. Nc3 Bb4 4. exd5 exd5 5. Bd2 Nf6 6. Nf3 Nc6 7. Bd3 O-O 8.
O-O Bg4 9. Be3 Re8 10. a3 Bd6 11. Re1 h6 12. b4 Ne7 13. Nb5 Nf5 14. Nxd6 Qxd6
15. Bxf5 Bxf5 16. Ne5 Nd7 17. Nxd7 Bxd7 18. Qd2 Qg6 19. Kf1 Bf5 20. Rac1 Re6
21. f3 Rf6 22. Bf2 Bd7 23. c3 Bb5+ 24. Kg1 Rxf3 25. Re3 Rxe3 26. Qxe3 Re8 27.
Qg3 Qxg3 28. Bxg3 c6 29. Re1 Re4 30. Rxe4 dxe4 31. Kf2 f5 32. Ke3 Kf7 33. Be5
g5 34. g3 Ke6 35. Bb8 a6 36. Be5 Kd5 37. Kd2 Kc4 38. Kc2 Ba4+ 39. Kd2 Kb3 40.
Bd6 Bb5 41. h3 h5 42. h4 gxh4 43. gxh4 1/2-1/2

[Event "DVM U20w 2018"]
[Site "Osnabrück GER"]
[Date "2018.12.28"]
[Round "3"]
[White "Gesell, Myriam"]
[Black "Nwatu, Emily"]
[Result "0-1"]
[Termination "normal"]
[Board "6.4"]
[WhiteElo "769"]
[BlackElo "1036"]
[WhiteTeam "SG Güstrow/Teterow"]
[BlackTeam "SG Trier"]
[PlyCount "84"]
[WhiteFideId "16200330"]
[BlackFideId "16255321"]
[EventCountry "GER"]
[EventRounds "7"]
[EventType "team-swiss"]
[EventDate "2018.12.26"]

1. e4 e6 2. Nc3 d5 3. Nf3 dxe4 4. Nxe4 Nd7 5. d4 Ngf6 6. Bd3 Be7 7. O-O O-O 8.
Qe2 b6 9. Nh4 Bb7 10. Nf3 Rc8 11. c3 c5 12. Re1 Nxe4 13. Bxe4 Bxe4 14. Qxe4 Nf6
15. Qf4 Bd6 16. Ne5 cxd4 17. Qxd4 Rc5 18. Bf4 Rd5 19. Qe3 Bc5 20. Qg3 Nh5 21.
Qf3 Nxf4 22. Qxf4 f6 23. Nf3 e5 24. Qg3 Qd7 25. h3 Qf5 26. b4 Bd6 27. Nh4 Qh5
28. Rac1 e4 29. Qg4 Qxg4 30. hxg4 Rg5 31. f3 Bg3 32. Rxe4 Bxh4 33. Re7 f5 34.
gxf5 Rgxf5 35. Rxa7 h6 36. Ra6 Rg5 37. Rf1 Rc8 38. Rxb6 Rxc3 39. a4 Rc2 40. Rd6
Rgxg2+ 41. Kh1 Rh2+ 42. Kg1 Rcg2# 0-1

[Event "DVM U20w 2018"]
[Site "Osnabrück GER"]
[Date "2018.12.29"]
[Round "6"]
[White "Li, Zhuoling"]
[Black "Rosmait, Emily"]
[Result "1-0"]
[Termination "normal"]
[Board "1.1"]
[WhiteTitle "WFM"]
[WhiteElo "2076"]
[BlackElo "1911"]
[WhiteClock "00:04:24"]
[BlackClock "00:02:07"]
[WhiteTeam "SV Stuttgart-Wolfbusch"]
[BlackTeam "TuRa Harksheide von 1945 Norderstedt"]
[PlyCount "75"]
[WhiteFideId "8605629"]
[BlackFideId "12937754"]
[EventCountry "GER"]
[EventRounds "7"]
[EventType "team-swiss"]
[EventDate "2018.12.26"]

1. e4 {[%clk 1:30:56]} e6 {[%clk 1:30:45]} 2. d4 {[%clk 1:31:19]} d5 {[%clk
1:31:10]} 3. Nd2 {[%clk 1:31:44]} dxe4 {[%clk 1:31:30]} 4. Nxe4 {[%clk
1:32:09]} Bd7 {[%clk 1:31:47]} 5. Nf3 {[%clk 1:32:06]} Bc6 {[%clk 1:32:10]} 6.
Bd3 {[%clk 1:32:16]} Nd7 {[%clk 1:32:24]} 7. O-O {[%clk 1:31:38]} Be7 {[%clk
1:31:47]} 8. Qe2 {[%clk 1:29:04]} Ngf6 {[%clk 1:31:36]} 9. c3 {[%clk 1:26:42]}
O-O {[%clk 1:31:10]} 10. Bf4 {[%clk 1:25:44]} Nxe4 {[%clk 1:28:02]} 11. Bxe4
{[%clk 1:26:05]} Bxe4 {[%clk 1:28:27]} 12. Qxe4 {[%clk 1:26:30]} c6 {[%clk
1:28:48]} 13. h3 {[%clk 1:19:42]} Nf6 {[%clk 1:26:12]} 14. Qe2 {[%clk 1:19:42]}
Qa5 {[%clk 1:25:18]} 15. Rfd1 {[%clk 1:11:03]} Rac8 {[%clk 1:22:23]} 16. Ne5
{[%clk 0:59:53]} Rfd8 {[%clk 1:19:34]} 17. Re1 {[%clk 0:57:57]} Re8 18. Nc4
{[%clk 0:36:35]} Qd5 {[%clk 0:59:59]} 19. b4 {[%clk 0:35:05]} Qf5 {[%clk
0:52:20]} 20. Bd2 {[%clk 0:31:56]} Nd5 {[%clk 0:50:43]} 21. a4 {[%clk 0:28:39]}
Red8 {[%clk 0:47:22]} 22. a5 {[%clk 0:28:25]} a6 {[%clk 0:39:25]} 23. Rac1
{[%clk 0:22:15]} Bf6 {[%clk 0:31:26]} 24. g4 {[%clk 0:20:17]} Qg6 {[%clk
0:31:30]} 25. Qf3 {[%clk 0:20:17]} h5 {[%clk 0:23:49]} 26. Ne5 {[%clk 0:18:39]}
Bxe5 {[%clk 0:22:50]} 27. Rxe5 {[%clk 0:19:04]} hxg4 {[%clk 0:22:37]} 28. hxg4
{[%clk 0:19:28]} Qf6 {[%clk 0:20:48]} 29. Qg3 Qe7 {[%clk 0:15:02]} 30. Rce1
{[%clk 0:16:16]} Qd6 {[%clk 0:13:56]} 31. Qh3 {[%clk 0:15:04]} Re8 {[%clk
0:11:38]} 32. g5 {[%clk 0:06:55]} Ne7 {[%clk 0:11:12]} 33. R5e4 {[%clk
0:05:31]} Ng6 {[%clk 0:10:53]} 34. f4 {[%clk 0:04:41]} Ne7 {[%clk 0:06:13]} 35.
Kf2 {[%clk 0:04:20]} Nf5 {[%clk 0:04:59]} 36. Rh1 {[%clk 0:04:19]} Kf8 {[%clk
0:04:53]} 37. Qxf5 {[%clk 0:04:24]} exf5 {[%clk 0:02:07]} 38. Rh4 1-0

[Event "DVM U20w 2018"]
[Site "Osnabrück GER"]
[Date "2018.12.29"]
[Round "6"]
[White "Köhler, Inken"]
[Black "Ley, Sabrina"]
[Result "1-0"]
[Termination "normal"]
[Board "1.2"]
[WhiteElo "1968"]
[BlackElo "1829"]
[WhiteClock "00:38:37"]
[BlackClock "00:10:16"]
[WhiteTeam "TuRa Harksheide von 1945 Norderstedt"]
[BlackTeam "SV Stuttgart-Wolfbusch"]
[PlyCount "49"]
[WhiteFideId "12929301"]
[BlackFideId "12938130"]
[EventCountry "GER"]
[EventRounds "7"]
[EventType "team-swiss"]
[EventDate "2018.12.26"]

1. c4 {[%clk 1:30:58]} c5 {[%clk 1:30:50]} 2. Nf3 {[%clk 1:31:19]} Nc6 {[%clk
1:31:12]} 3. d4 {[%clk 1:31:24]} cxd4 {[%clk 1:30:41]} 4. Nxd4 {[%clk 1:31:47]}
Nf6 {[%clk 1:26:21]} 5. Nc3 {[%clk 1:31:17]} g6 {[%clk 1:24:29]} 6. Nc2 {[%clk
1:29:18]} Bg7 {[%clk 1:24:05]} 7. g3 {[%clk 1:27:15]} O-O {[%clk 1:23:53]} 8.
Bg2 {[%clk 1:27:36]} d6 {[%clk 1:23:10]} 9. O-O {[%clk 1:23:40]} Bd7 {[%clk
1:21:03]} 10. e4 {[%clk 1:17:45]} Rc8 {[%clk 1:17:11]} 11. Qe2 {[%clk 1:15:22]}
b6 {[%clk 1:02:27]} 12. Bd2 {[%clk 1:11:32]} Na5 {[%clk 0:47:35]} 13. Ne3
{[%clk 1:10:18]} Re8 {[%clk 0:42:07]} 14. Rac1 {[%clk 1:08:30]} Nb7 {[%clk
0:36:11]} 15. e5 {[%clk 1:06:08]} Nc5 {[%clk 0:29:16]} 16. exf6 {[%clk
1:06:14]} Bxf6 {[%clk 0:29:28]} 17. b3 {[%clk 1:02:07]} Bg7 {[%clk 0:28:29]}
18. Ne4 {[%clk 0:59:55]} Nxe4 19. Bxe4 {[%clk 1:00:12]} f5 {[%clk 0:25:02]} 20.
Bg2 {[%clk 0:59:19]} e5 21. Nd5 {[%clk 0:52:16]} g5 {[%clk 0:18:17]} 22. Bb4
{[%clk 0:47:56]} Be6 {[%clk 0:13:29]} 23. Qd2 {[%clk 0:46:32]} f4 {[%clk
0:11:01]} 24. Bxd6 {[%clk 0:38:42]} Kh8 {[%clk 0:10:16]} 25. Bb4 {[%clk
0:38:37]} 1-0